Kriminologija / [1] Teoretični osnovi = Theoretical background
| 1. VerfasserIn: | |
|---|---|
| Medienart: | Druck Buch |
| Sprache: | Bulgarisch |
| Veröffentlicht: |
Varna
Varnenski Svoboden Univ. Černoriėec Chrabăr
1996
|
| In: |
Kriminologija = Criminology
Jahr: 1996 |
| Bestand in Tübingen: | In Tübingen vorhanden. UB: KB 19 A 6063-1 |
| Verfügbarkeit prüfen: | HBZ Gateway |
| Subito Bestelldienst: | Jetzt bestellen. |
MARC
| LEADER | 00000cam a22000002cc4500 | ||
|---|---|---|---|
| 001 | 1130528200 | ||
| 003 | DE-627 | ||
| 005 | 20220517104050.0 | ||
| 007 | tu | ||
| 008 | 970804s1996 xx ||||| 00| ||bul c | ||
| 020 | |a 9547150057 |9 954-715-005-7 | ||
| 035 | |a (DE-627)1130528200 | ||
| 035 | |a (DE-576)060528206 | ||
| 035 | |a (DE-599)BSZ060528206 | ||
| 035 | |a (OCoLC)181112731 | ||
| 040 | |a DE-627 |b ger |c DE-627 |e rakwb | ||
| 041 | |a bul | ||
| 100 | 1 | |a Stankov, Bojan |0 (DE-627)1236686845 |0 (DE-576)166686840 |4 aut | |
| 109 | |a Stankov, Bojan |a Stankov, Bojan Rangelov |a Stankov, Boyan | ||
| 245 | 1 | 0 | |a Kriminologija |n [1] |p Teoretični osnovi = Theoretical background |c Bojan Stankov |
| 246 | 3 | 1 | |a Theoretical background |
| 264 | 1 | |a Varna |b Varnenski Svoboden Univ. Černoriėec Chrabăr |c 1996 | |
| 300 | |a 487 S. | ||
| 336 | |a Text |b txt |2 rdacontent | ||
| 337 | |a ohne Hilfsmittel zu benutzen |b n |2 rdamedia | ||
| 338 | |a Band |b nc |2 rdacarrier | ||
| 500 | |a In kyrill. Schr., bulg | ||
| 583 | 1 | |a Archivierung prüfen |c 20200919 |f DE-640 |z 2 |2 pdager | |
| 773 | 1 | 8 | |a Kriminologija = Criminology |w (DE-627)1187221120 |w (DE-576)117221120 |g [1] |q 1,1 |7 nnam |
| 951 | |a MV | ||
| ELC | |b 1 | ||
| LOK | |0 000 xxxxxcx a22 zn 4500 | ||
| LOK | |0 001 2310005916 | ||
| LOK | |0 003 DE-627 | ||
| LOK | |0 004 1130528200 | ||
| LOK | |0 005 20090217130738 | ||
| LOK | |0 008 970815||||||||||||||||ger||||||| | ||
| LOK | |0 040 |a DE-21 |c DE-627 |d DE-21 | ||
| LOK | |0 852 |a DE-21 | ||
| LOK | |0 852 1 |c KB 19 A 6063-1 |9 00 | ||
| LOK | |0 935 |a krim | ||
| LOK | |0 936ln |a k1.5 | ||
| LOK | |0 939 |a 15-08-97 |b l01 | ||
| ORI | |a SA-MARC-krimdoka001.raw | ||
| SIG | |a UB: KB 19 A 6063-1 | ||
